Statistics for Game of Thrones questions I thought of while drunk... very random

Click here to take the quiz!

General Stats

  • This quiz has been taken 230 times
  • The average score is 10 of 15

Answer Stats

Who does Renly Baratheon marry?Answer% Correct
When you play the game of thrones you win or you ?Die
96%
Who is the oldest of the Stark children?Robb
96%
Jaime Lannister is known as the ________Kingslayer
95%
Who is known as the "Spider"?Varys
88%
Name a Valeryian steel sword other than LongclawNice Job
87%
Who is known as the "Red Viper"Oberyn Martell
85%
Name one of Danaerys dragons other than DrogonViserion/ Rhaegal
82%
Tywin Lannister is Hand of the King but also Lord of __________?Casterly Rock
80%
What is the name of Robb Starks wife?Talisa/ Jeyne
79%
Who concquored the Seven Kingdoms? .. First of his nameAegon
75%
Who hides Arya from the death of her father and attempts to take her nortth?Yoren
49%
Where does Catlyn capture Tyrion? (territory or specific)Inn at the Crossroads
42%
Before Sansa, Tyrion was married to a "whore" named?Tysha
42%
Who is the first person to die ion the show?Waymar Royce
19%
Name a character whos first name starts with XWho is the first person to die in the show?
0%

Score Distribution

Percentile by Number Answered

Percent of People with Each Score

Your Score History

You have not taken this quiz